000 00594cam a2200205 4500
008 090401t1985 xxu||||| |||| 00| 0 eng d
020 _a0946700168
035 _a(Sirsi) u33988
041 _aeng
050 _a346.4104344
100 _aMeaney, Christopher
245 _aBusiness tenancies : rent reviews
260 _aLondon
_bHenry Stewart Publications
_c1985
300 _a48p. ; 22cm.
350 _a0
490 _aHenry Stewart Briefings for Surveyors
_v4
520 _aPublished jointly with Portsmouth Polytechnic Department of Surveying .
942 _n0
948 _c04/03/1997
999 _c89891
_d89891